| 000 | 00786nam a2200229 a 4500 | ||
|---|---|---|---|
| 001 | BRCA_1630 | ||
| 005 | 20190320203503.0 | ||
| 008 | 971023s1997 mx-a---##b---#000-0#spa-d | ||
| 020 | _a9688592692 | ||
| 040 |
_aIXA _cIXA _dDLC |
||
| 050 | 4 |
_aNA5253 _b.G65 1997 |
|
| 100 | 1 |
_aGómez Martínez, Javier _95102 |
|
| 245 | 1 | 0 |
_aFortalezas mendicantes _cJavier Gómez Martínez. |
| 260 |
_aMéxico _bUniversidad Iberoamericana _c1997 |
||
| 300 |
_a157 p. _bil. _c25 cm. |
||
| 504 | _aBibliografía: p. 149-157 | ||
| 650 | 1 | 4 |
_aMonasterios _xHistoria _ySiglo XVI _zMéxico _95103 |
| 650 | 1 | 4 |
_aFrailes _xHistoria _ySiglo XVI _zMéxico _95104 |
| 650 | 1 | 4 |
_aArquitectura española colonial _xHistoria _ySiglo XVI _zMéxico _918 |
| 651 | 4 |
_aMéxico _xIglesia - Historia _ySiglo XVI _95105 |
|
| 942 |
_2lcc _cB |
||
| 999 |
_c1435 _d1435 |
||